00491nam a2200169Ia 4500003000900000008004100009040001600050080001900066100002400085245008100109260003500190300001500225650001900240650002100259650001900280650002200299IN-BaIIA211028s9999 xx 000 0 eng d cIIA Library a539.153.4bMIZ aMizushima, Masataka 0aQuantum mechanics of atomic spectra and atomic structurecMasataka Mizushima aNew YorkbW. A. Benjaminc1970 axiv, 419p. aAtomic Spectra aAtomic Structure aNASA Thesaurus aQuantum Mechanics